Escalafón de antigüedad de los catedráticos de las Universidades del Reino, según el lugar que corresponde a cada uno de ellos en el día de la fecha. (Record no. 68762)

MARC details
000 -LEADER
campo de control de longitud fija 00645nam a2200157 i 4500
001 - NÚMERO DE CONTROL
campo de control 68762
003 - IDENTIFICADOR DE NÚMERO DE CONTROL
campo de control ES-MaACL
005 - FECHA Y HORA DE LA ÚLTIMA TRANSACCIÓN
campo de control 20230906170345.0
007 - CAMPO FIJO DE DESCRIPCIÓN FÍSICA--INFORMACIÓN GENERAL
campo de control de longitud fija t|
008 - DATOS DE LONGITUD FIJA--INFORMACIÓN GENERAL
campo de control de longitud fija 040707s1858 sp ||||1| spa d
245 00 - MENCIÓN DEL TÍTULO
Título Escalafón de antigüedad de los catedráticos de las Universidades del Reino, según el lugar que corresponde a cada uno de ellos en el día de la fecha.
260 ## - PUBLICACIÓN, DISTRIBUCIÓN, ETC.
Lugar de publicación, distribución, etc. Madrid :
Nombre del editor, distribuidor, etc. [s.n.],
Fecha de publicación, distribución, etc. 1858 (
Fabricante Impr. del Colegio de Sordomudos y de Ciegos)
300 ## - DESCRIPCIÓN FÍSICA
Extensión 16 p. ;
Dimensiones 21 cm.
650 #4 - PUNTO DE ACCESO ADICIONAL DE MATERIA--TÉRMINO DE MATERIA
Término de materia o nombre geográfico como elemento de entrada Profesores universitarios-
Subdivisión geográfica España-
Subdivisión de forma Escalafones.
9 (RLIN) 145019
852 ## - LOCALIZACIÓN
Ubicación ES-MaACL
Número de control de estantería T-361-F-3
Nota libre .- En port.: sello de "Los Escolares Médicos"
Holdings
Estatus retirado Estado de pérdida Estado de daño No para préstamo Colección Biblioteca de origen Biblioteca actual Ubicación en estantería Fecha de adquisición Fuente de adquisición Total de préstamos Signatura topográfica completa Código de barras Visto por última vez Precio de reemplazo Tipo de ítem Koha
        Colección de folletos Biblioteca del Ateneo de Madrid Biblioteca del Ateneo de Madrid Depósito folletos 17/01/2008     T-361-F-3 1071995 23/02/2023 23/02/2023 Folleto